00506cam a2200121K 450008200160000010000330001624500990004926000390014830000890018752600370027665000080031385600630032104a951bSAVcD1 aLandor, Arnold Henry Savage,10aChina and the alliescby A. Henry Savage Landor ... with illustrations and maps by the author. aLondon,bWilliam Heinemann,c1901. a1 online resource (2 v.)bfronts., illus., plates (part col.) maps, plans (1 double) a0b0c0d951_000000000000000_SAV aMCE40uhttp://catalog.hathitrust.org/api/volumes/oclc/851479.html